00926nam a22001937a 4500003000900000008004100009020001800050040007100068082001800139100003100157245017100188260006600359300004500425505017900470650001100649650001200660700002900672700003100701AR-CdUCM190723b ||||| |||| 00| 0 spa d a9972-601-24-2 aMUNICIPALIDAD PROVINCIAL DEL CUSCOcBIBLIOTECA MUNICIPAL DEL CUSCO a793.31 /bP57 aPilco Loayza, Amós David aDanzas del Cusco : didáctica para su enseñanza /aEl Ayarachi : grupo Kuntur Chaya Ayarachi de Paratía /aRepresentación de la esclavitud en danzas peruanas / aCusco :bPontificia universidad católica del Perú,c1998. a128 páginas ;bilustraciones ;c29 cm. aContenido : Danzas del Cusco, didáctica para su enseñanza -- El Ayarachi: grupo Kuntur Chaya Ayarachi de Paratía -- Representación de la esclavitud en danzas peruana. aDanzas aFolklor aLeonardini Herane, Nanda aSalas Carreño, Guillermo